UFC Middleweight Champions - Statistics

General Stats
  • This quiz has been taken 206 times
    57 since last reset
  • The average score is 10 of 16
Answer Stats
Year Middleweight % Correct
2024 - 2023 Sean Strickland
94%
2023 Israel Adesanya
92%
2022-2019 Israel Adesanya
92%
2025 (incumbent) Khamzat Chimeav
92%
2023-2022 Alex Pereira
86%
2013-2006 Anderson Silva
82%
2025-2024 Dricus Du Plessis
78%
2017 George Saint-Pierre
73%
2019-2017 Robert Whittaker
67%
2015-2013 Chris Weidman
63%
2017-2016 Michael Bisping
63%
2016-2015 Luke Rockhold
49%
2006-2005 Rich Franklin
22%
2002-2001 Dave Menne
16%
2005 Evan Tanner
16%
2005-2002 Murilo Bustamante
14%
No matching quizzes found
Score Distribution
Percent of People with Each Score
Percentile by Number Answered
Your Score History
You have not taken this quiz since the last reset